01406cam a22003015a 4500001001400000003000400014005001700018008004100035020002500076040004400101082002300145100002900168245014400197250001200341260006200353300003500415500002400450504004100474650005200515650005500567650004600622653002000668942000800688999001700696952013700713952013300850952012100983ssj0000416609OSt20160523141924.0091027s2010 enka frb 001 0 eng d a9780815520450 (hbk.) aCaPaEBRcCaPaEBRdWaSeSSdEG-ScBUEbeng04222a621.30289bALO1 aAlonzo, Robert J.94007110aElectrical codes, standards, recommended practices and regulations :ban examination of relevant safety considerations /cRobert J. Alonzo. a1st ed. aOxford ;aBurlington :bWilliam Andrew / Elsevier,c2010. axiii, 496 p. :bill. ;c25 cm. aIndex : p. 493-496. aIncludes bibliographical references. 0aElectrical engineeringxSafety measures.2BUEsh 0aElectrical engineeringxSafety regulations.2BUEsh 0aElectrical engineeringxStandards.2BUEsh bENGELCcMay2016 2ddc c21800d21772 00102ddc40708BaccahaMAINbMAINc1STd2016-05-23ePurchaseg620.00l0o621.30289 ALOp000032570r2025-07-15 00:00:00v775.00yNB 00102ddc40708BaccahaMAINbMAINc1STd2016-05-23ePurchasel1o621.30289 ALOp000032571r2026-02-15 00:00:00s2026-01-06yBB 00102ddc40708BaccahaMAINbMAINc1STd2016-05-23ePurchasel0o621.30289 ALOp000032572r2025-07-15 00:00:00yBB